Advances in permanent magnetism / (Record no. 11918)

MARC details
000 -LEADER
fixed length control field 01081cam a2200277 a 4500
001 - CONTROL NUMBER
control field 2452775
005 - DATE AND TIME OF LATEST TRANSACTION
control field 20040519130649.0
008 - FIXED-LENGTH DATA ELEMENTS--GENERAL INFORMATION
fixed length control field 890615s1990 nyua b 001 0 eng
010 ## - LIBRARY OF CONGRESS CONTROL NUMBER
LC control number 89016461
020 ## - INTERNATIONAL STANDARD BOOK NUMBER
International Standard Book Number 0471822930
040 ## - CATALOGING SOURCE
Original cataloging agency DLC
Transcribing agency DLC
Modifying agency DLC
050 00 - LIBRARY OF CONGRESS CALL NUMBER
Classification number QC757.9
Item number .P37 1990
082 00 - DEWEY DECIMAL CLASSIFICATION NUMBER
Classification number 621.34
Edition number 22
Item number PAR
100 1# - MAIN ENTRY--PERSONAL NAME
Personal name Parker, Rollin J.
9 (RLIN) 6527
245 10 - TITLE STATEMENT
Title Advances in permanent magnetism /
Statement of responsibility, etc Rollin J. Parker.
260 ## - PUBLICATION, DISTRIBUTION, ETC. (IMPRINT)
Place of publication, distribution, etc New York :
Name of publisher, distributor, etc Wiley,
Date of publication, distribution, etc c1990.
300 ## - PHYSICAL DESCRIPTION
Extent xi, 337 p. :
Other physical details ill. ;
Dimensions 24 cm.
500 ## - GENERAL NOTE
General note "A Wiley-Interscience publication."
504 ## - BIBLIOGRAPHY, ETC. NOTE
Bibliography, etc Includes bibliographical references and index.
650 #0 - SUBJECT ADDED ENTRY--TOPICAL TERM
Topical term or geographic name as entry element Permanent magnets.
9 (RLIN) 6528
856 42 - ELECTRONIC LOCATION AND ACCESS
Materials specified Publisher description
Uniform Resource Identifier <a href="http://www.loc.gov/catdir/description/wiley031/89016461.html">http://www.loc.gov/catdir/description/wiley031/89016461.html</a>
856 4# - ELECTRONIC LOCATION AND ACCESS
Materials specified Table of Contents
Uniform Resource Identifier <a href="http://www.loc.gov/catdir/toc/onix01/89016461.html">http://www.loc.gov/catdir/toc/onix01/89016461.html</a>
942 ## - ADDED ENTRY ELEMENTS (KOHA)
Source of classification or shelving scheme Dewey Decimal Classification
Item type Book - Borrowing
Holdings
Withdrawn status Item status Source of classification or shelving scheme Damaged status Not for loan Vendor Home library Current library Shelving location Date acquired Source of acquisition Cost, normal purchase price Total Checkouts Full call number Barcode Date last seen Koha item type
    Dewey Decimal Classification     Alef-Baa Central Library Central Library First floor 21/06/2009   150.00   621.34 PAR 000017066 15/07/2025 Book - Borrowing